Derniers de Ligue 1 - Statistiques

Statistiques générales
  • Ce quiz a été pris 271 fois
  • Le résultat moyen est 24 sur 34
Statistiques - réponses
Saisons Clubs % Correct
2011-2012 Auxerre
87%
2017-2018 Metz
87%
2007-2008 Metz
87%
2005-2006 Metz
87%
2022-2023 Angers
86%
1993-1994 Angers
86%
2021-2022 Bordeaux
86%
2014-2015 Lens
82%
2006-2007 Nantes
81%
2019-2020 Toulouse
81%
1998-1999 Toulouse
81%
2000-2001 Strasbourg
79%
2008-2009 Le Havre
77%
2013-2014 Ajaccio
76%
2012-2013 Brest
76%
2015-2016 Troyes
76%
2002-2003 Troyes
76%
2020-2021 Dijon
74%
2001-2002 Lorient
74%
2016-2017 Bastia
72%
2003-2004 Montpellier
72%
1999-2000 Montpellier
72%
1996-1997 Nice
71%
1990-1991 Rennes
71%
2018-2019 Guingamp
68%
1991-1992 Nancy
67%
1992-1993 Nîmes
67%
1994-1995 Sochaux
65%
2009-2010 Grenoble
56%
2010-2011 Arles-Avignon
46%
1997-1998 Cannes
33%
2004-2005 Istres
32%
1995-1996 Martigues
15%
1989-1990 Mulhouse
13%
Aucun quiz correspondant
Distribution des résultats
% des personnes avec chaque résultat
Percentile par nombre de réponses
Votre historique - résultats
Vous n’avez pas pris ce quiz